000 00402nam a22001697a 4500
003 MACL
005 20160802145737.0
008 160802b xxu||||| |||| 00| 0 eng d
040 _cMACL
041 _aEnglish
082 _a610 SET
100 _aSethi, Nithi
_965968
245 _aDiabetes
_cNitin Sethi
260 _aNoida
_bShashi Publishing
_c2011
650 _aMedical
_965969
942 _2ddc
_cBK
999 _c55449
_d55449